Estudios sobre la conquista de América

Gorde:
Xehetasun bibliografikoak
Egile nagusia: Meza Villalobos, Néstor (autor)
Formatua: Liburua
Hizkuntza:gaztelania
Argitaratua: Santiago, Chile Universitaria 1981
Edizioa:Segunda edición
Saila:Colección Imagen de América Latina
Gaiak:
Etiketak: Etiketa erantsi
Etiketarik gabe, Izan zaitez lehena erregistro honi etiketa jartzen!

MARC

LEADER 00000nam a2200000 a 4500
001 UCO1463
003 CL-VaPUC
005 20250327093503.0
008 000519e19810000CL |||||||||||||||||spa|d
999 |c 288078  |d 288076 
040 |c Pontificia Universidad Católica de Valparaíso 
082 0 4 |a 980 MEZ 1981  |2 21 
100 |a Meza Villalobos, Néstor  |e autor  |9 446537 
245 1 0 |a Estudios sobre la conquista de América 
250 |a Segunda edición 
260 |a Santiago, Chile  |b Universitaria  |c 1981 
300 |a 181 páginas 
490 0 |a Colección Imagen de América Latina  
583 |a last modification  |c 20000519 00:00:00  |k Rodrigo Vera 
600 0 7 |a VALDIVIA, PEDRO DE  |2 CL-VaPUC  |9 317024 
650 0 |a Historia  |9 255047 
650 7 |a DESCUBRIMIENTO Y CONQUISTA  |2 CL-VaPUC  |9 319676  |z AMERICA LATINA 
650 0 |a Guerra de Arauco  |z CHILE  |9 267618 
852 |a BIBCUR 
942 |c BK  |2 ddc 
945 |d 20000519 00:00:00  |a lriquelm 
952 |0 0  |1 0  |2 ddc  |4 0  |6 980_000000000000000_MEZ_1981  |7 0  |8 R  |9 335289  |a BIBHIS  |b BIBHIS  |d 2019-11-20  |i 1258737  |o 980 MEZ 1981  |p 1258737  |r 2024-01-30  |t 1  |w 2019-11-20  |y BK_R  |k HIS 
952 |0 0  |1 0  |2 ddc  |4 0  |6 980_000000000000000_MEZ_1981  |7 0  |8 R  |9 335290  |a BIBHIS  |b BIBHIS  |d 2019-11-20  |i 1258745  |o 980 MEZ 1981  |p 1258745  |r 2024-01-30  |t 2  |w 2019-11-20  |y BK_R  |k HIS 
952 |0 0  |1 0  |2 ddc  |4 0  |6 980_000000000000000_MEZ_1981  |7 0  |8 A  |9 335291  |a BIBTEO  |b BIBTEO  |d 2019-11-20  |i 2100843  |o 980 MEZ 1981  |p 2100843  |r 2025-01-17  |t 4  |w 2019-11-20  |y BK  |k ICR 
952 |0 0  |1 0  |2 ddc  |4 0  |6 980_000000000000000_MEZ_1981  |7 0  |8 R  |9 335292  |a BIBHIS  |b BIBHIS  |d 2019-11-20  |i 3985962  |o 980 MEZ 1981  |p 3985962  |r 2024-01-30  |t 3  |w 2019-11-20  |y BK_R  |k HIS